000 01632nam0a2200349 4500
001 RU\NLR\ONL1\23172
005 20250613223838.0
035 _a(NLR Aleph) 010208893
090 _a10265709
_c10265709
100 _a20010212d1823 |||y0rusy50 ca
101 1 _akom
_brus
_cgrc
102 _aRU
105 _ay |||||||||
135 _acrcn 024anaba
200 1 _aМиянъ Господьлöнъ Иисусъ Христосълöнъ святöй Евангелiе Матфейсянь
210 _aСПб.
_cРос. Библ. о-во
_cТип. Ник. Гречьлöнъ
_d1823
215 _a92 с.
_d20
325 _aКопия доступна в Электрон. б-ке РНБ
541 1 _a[Господа нашего Иисуса Христа святое Евангелие от Матфея]
_zrus
605 _aБиблия
_iНовый Завет
_iЕвангелие от Матфея
_92115270
_3RU\NLR\auth\661277936
686 1 _aЭ37-22
801 0 _aRU
_bNLR
_c20130617
_gPSBO
852 _aNLR
_bОНЛ
_jКоми-з./2-1900
942 _cBOOK
980 _aNB
981 2 3 _a(23) Национальные литературы
_b(23) Книги на национальных языках
981 2 0 _a(20) Книжные памятники РНБ
_b(20) Отдел национальных литератур